<?xml version="1.0" encoding="UTF-8"?>
<record
    xmlns:xsi="http://www.w3.org/2001/XMLSchema-instance"
    xsi:schemaLocation="http://www.loc.gov/MARC21/slim http://www.loc.gov/standards/marcxml/schema/MARC21slim.xsd"
    xmlns="http://www.loc.gov/MARC21/slim">

  <leader>01129nam a22002297a 4500</leader>
  <controlfield tag="005">20260424102428.0</controlfield>
  <controlfield tag="008">250910b        |||||||| |||| 00| 0 eng d</controlfield>
  <datafield tag="020" ind1=" " ind2=" ">
    <subfield code="a">9789348179920</subfield>
  </datafield>
  <datafield tag="040" ind1=" " ind2=" ">
    <subfield code="c">AL</subfield>
  </datafield>
  <datafield tag="041" ind1=" " ind2=" ">
    <subfield code="a">English</subfield>
  </datafield>
  <datafield tag="082" ind1=" " ind2=" ">
    <subfield code="a">346.022</subfield>
    <subfield code="b">SINL</subfield>
  </datafield>
  <datafield tag="100" ind1=" " ind2=" ">
    <subfield code="a">Avtar Singh</subfield>
    <subfield code="9">262566</subfield>
  </datafield>
  <datafield tag="245" ind1=" " ind2=" ">
    <subfield code="a">Contract and specific relief</subfield>
  </datafield>
  <datafield tag="250" ind1=" " ind2=" ">
    <subfield code="a">13</subfield>
  </datafield>
  <datafield tag="260" ind1=" " ind2=" ">
    <subfield code="a">Lucknow</subfield>
    <subfield code="b">EBC</subfield>
    <subfield code="c">2025</subfield>
  </datafield>
  <datafield tag="300" ind1=" " ind2=" ">
    <subfield code="a">cxxxii,988p</subfield>
    <subfield code="b">PB</subfield>
    <subfield code="c">24x16cm</subfield>
  </datafield>
  <datafield tag="365" ind1=" " ind2=" ">
    <subfield code="a">583</subfield>
    <subfield code="b">&#x20B9;821.25</subfield>
    <subfield code="c">&#x20B9;</subfield>
    <subfield code="d">1095.00</subfield>
    <subfield code="e">25%</subfield>
    <subfield code="f">03-09-2025</subfield>
  </datafield>
  <datafield tag="520" ind1=" " ind2=" ">
    <subfield code="a">Section-wise Contents
Table of Cases
PART I GENERAL PRINCIPLES
1. Agreement, Contract and Proposal
2. Acceptance
3. Consideration
4. Capacity to Contract
5. Free Consent
6. Mistake
7. Legality of Object
8. Discharge of Contract
9. Discharge by Breach
10. Certain Relations Resembling Those Created by Contract 556
PART II SPECIFIC CONTRACTS
11. Contract of Indemnity
12. Guarantee
13. Bailment
14. Pledge
15. Agency
PART III LAW OF SPECIFIC RELIEF
16. Specific Relief Act, 1963
Subject Index</subfield>
  </datafield>
  <datafield tag="650" ind1=" " ind2=" ">
    <subfield code="a">A Study of the Contract Act 1872</subfield>
    <subfield code="9">238493</subfield>
  </datafield>
  <datafield tag="700" ind1=" " ind2=" ">
    <subfield code="a">Kapoor, Rajesh</subfield>
    <subfield code="9">238494</subfield>
  </datafield>
  <datafield tag="942" ind1=" " ind2=" ">
    <subfield code="2">ddc</subfield>
    <subfield code="c">BK</subfield>
  </datafield>
  <datafield tag="999" ind1=" " ind2=" ">
    <subfield code="c">240419</subfield>
    <subfield code="d">240419</subfield>
  </datafield>
  <datafield tag="952" ind1=" " ind2=" ">
    <subfield code="0">0</subfield>
    <subfield code="1">0</subfield>
    <subfield code="2">ddc</subfield>
    <subfield code="4">0</subfield>
    <subfield code="7">0</subfield>
    <subfield code="8">Law</subfield>
    <subfield code="a">LL</subfield>
    <subfield code="b">LL</subfield>
    <subfield code="d">2025-09-10</subfield>
    <subfield code="e">MPP House Bengaluru -560009</subfield>
    <subfield code="g">821.25</subfield>
    <subfield code="l">3</subfield>
    <subfield code="o">346.022 SINL</subfield>
    <subfield code="p">LL002440</subfield>
    <subfield code="r">2025-12-05 11:43:30</subfield>
    <subfield code="s">2025-12-04</subfield>
    <subfield code="v">1095.00</subfield>
    <subfield code="w">2025-09-03</subfield>
    <subfield code="y">BK</subfield>
  </datafield>
  <datafield tag="952" ind1=" " ind2=" ">
    <subfield code="0">0</subfield>
    <subfield code="1">0</subfield>
    <subfield code="2">ddc</subfield>
    <subfield code="4">0</subfield>
    <subfield code="7">0</subfield>
    <subfield code="8">Law</subfield>
    <subfield code="a">LL</subfield>
    <subfield code="b">LL</subfield>
    <subfield code="d">2025-09-10</subfield>
    <subfield code="e">MPP House Bengaluru -560009</subfield>
    <subfield code="g">821.25</subfield>
    <subfield code="l">4</subfield>
    <subfield code="o">346.022 SINL</subfield>
    <subfield code="p">LL002441</subfield>
    <subfield code="r">2025-11-11 10:19:23</subfield>
    <subfield code="s">2025-11-04</subfield>
    <subfield code="v">1095.00</subfield>
    <subfield code="w">2025-09-03</subfield>
    <subfield code="y">BK</subfield>
  </datafield>
  <datafield tag="952" ind1=" " ind2=" ">
    <subfield code="0">0</subfield>
    <subfield code="1">0</subfield>
    <subfield code="2">ddc</subfield>
    <subfield code="4">0</subfield>
    <subfield code="7">0</subfield>
    <subfield code="8">Law</subfield>
    <subfield code="a">LL</subfield>
    <subfield code="b">LL</subfield>
    <subfield code="d">2025-09-10</subfield>
    <subfield code="e">MPP House Bengaluru -560009</subfield>
    <subfield code="g">821.25</subfield>
    <subfield code="l">1</subfield>
    <subfield code="m">1</subfield>
    <subfield code="o">346.022 SINL</subfield>
    <subfield code="p">LL002442</subfield>
    <subfield code="q">2026-03-11</subfield>
    <subfield code="r">2025-09-12 16:30:53</subfield>
    <subfield code="s">2025-09-12</subfield>
    <subfield code="v">1095.00</subfield>
    <subfield code="w">2025-09-03</subfield>
    <subfield code="y">BK</subfield>
  </datafield>
  <datafield tag="952" ind1=" " ind2=" ">
    <subfield code="0">0</subfield>
    <subfield code="1">0</subfield>
    <subfield code="2">ddc</subfield>
    <subfield code="4">0</subfield>
    <subfield code="7">0</subfield>
    <subfield code="8">Law</subfield>
    <subfield code="a">LL</subfield>
    <subfield code="b">LL</subfield>
    <subfield code="d">2025-09-10</subfield>
    <subfield code="e">MPP House Bengaluru -560009</subfield>
    <subfield code="g">821.25</subfield>
    <subfield code="l">4</subfield>
    <subfield code="o">346.022 SINL</subfield>
    <subfield code="p">LL002443</subfield>
    <subfield code="r">2025-11-12 08:44:26</subfield>
    <subfield code="s">2025-11-04</subfield>
    <subfield code="v">1095.00</subfield>
    <subfield code="w">2025-09-03</subfield>
    <subfield code="y">BK</subfield>
  </datafield>
  <datafield tag="952" ind1=" " ind2=" ">
    <subfield code="0">0</subfield>
    <subfield code="1">0</subfield>
    <subfield code="2">ddc</subfield>
    <subfield code="4">0</subfield>
    <subfield code="7">0</subfield>
    <subfield code="8">Law</subfield>
    <subfield code="a">LL</subfield>
    <subfield code="b">LL</subfield>
    <subfield code="d">2025-09-10</subfield>
    <subfield code="e">MPP House Bengaluru -560009</subfield>
    <subfield code="g">821.25</subfield>
    <subfield code="l">3</subfield>
    <subfield code="o">346.022 SINL</subfield>
    <subfield code="p">LL002444</subfield>
    <subfield code="r">2025-12-08 15:21:49</subfield>
    <subfield code="s">2025-12-04</subfield>
    <subfield code="v">1095.00</subfield>
    <subfield code="w">2025-09-03</subfield>
    <subfield code="y">BK</subfield>
  </datafield>
  <datafield tag="952" ind1=" " ind2=" ">
    <subfield code="0">0</subfield>
    <subfield code="1">0</subfield>
    <subfield code="2">ddc</subfield>
    <subfield code="4">0</subfield>
    <subfield code="7">0</subfield>
    <subfield code="8">Law</subfield>
    <subfield code="a">LL</subfield>
    <subfield code="b">LL</subfield>
    <subfield code="d">2025-09-10</subfield>
    <subfield code="e">MPP House Bengaluru -560009</subfield>
    <subfield code="g">821.25</subfield>
    <subfield code="l">4</subfield>
    <subfield code="o">346.022 SINL</subfield>
    <subfield code="p">LL002445</subfield>
    <subfield code="r">2025-11-18 08:58:42</subfield>
    <subfield code="s">2025-11-07</subfield>
    <subfield code="v">1095.00</subfield>
    <subfield code="w">2025-09-03</subfield>
    <subfield code="y">BK</subfield>
  </datafield>
  <datafield tag="952" ind1=" " ind2=" ">
    <subfield code="0">0</subfield>
    <subfield code="1">0</subfield>
    <subfield code="2">ddc</subfield>
    <subfield code="4">0</subfield>
    <subfield code="7">0</subfield>
    <subfield code="8">Law</subfield>
    <subfield code="a">LL</subfield>
    <subfield code="b">LL</subfield>
    <subfield code="d">2026-04-18</subfield>
    <subfield code="e">MPP House Bengaluru-560009</subfield>
    <subfield code="g">821.25</subfield>
    <subfield code="l">0</subfield>
    <subfield code="o">346.022 SINL</subfield>
    <subfield code="p">LL002670</subfield>
    <subfield code="r">2026-04-24 10:14:35</subfield>
    <subfield code="v">1095.00</subfield>
    <subfield code="w">2026-03-14</subfield>
    <subfield code="y">BK</subfield>
  </datafield>
  <datafield tag="952" ind1=" " ind2=" ">
    <subfield code="0">0</subfield>
    <subfield code="1">0</subfield>
    <subfield code="2">ddc</subfield>
    <subfield code="4">0</subfield>
    <subfield code="7">0</subfield>
    <subfield code="8">Law</subfield>
    <subfield code="a">LL</subfield>
    <subfield code="b">LL</subfield>
    <subfield code="d">2026-04-18</subfield>
    <subfield code="e">MPP House Bengaluru-560009</subfield>
    <subfield code="g">821.25</subfield>
    <subfield code="l">0</subfield>
    <subfield code="o">346.022 SINL</subfield>
    <subfield code="p">LL002671</subfield>
    <subfield code="r">2026-04-24 10:14:35</subfield>
    <subfield code="v">1095.00</subfield>
    <subfield code="w">2026-03-14</subfield>
    <subfield code="y">BK</subfield>
  </datafield>
  <datafield tag="952" ind1=" " ind2=" ">
    <subfield code="0">0</subfield>
    <subfield code="1">0</subfield>
    <subfield code="2">ddc</subfield>
    <subfield code="4">0</subfield>
    <subfield code="7">0</subfield>
    <subfield code="8">Law</subfield>
    <subfield code="a">LL</subfield>
    <subfield code="b">LL</subfield>
    <subfield code="d">2026-04-18</subfield>
    <subfield code="e">MPP House Bengaluru-560009</subfield>
    <subfield code="g">821.25</subfield>
    <subfield code="l">0</subfield>
    <subfield code="o">346.022 SINL</subfield>
    <subfield code="p">LL002672</subfield>
    <subfield code="r">2026-04-24 10:14:35</subfield>
    <subfield code="v">1095.00</subfield>
    <subfield code="w">2026-03-14</subfield>
    <subfield code="y">BK</subfield>
  </datafield>
</record>
